| 000 | 00319nam a2200121Ia 4500 | ||
|---|---|---|---|
| 008 | 231129s9999||||xx |||||||||||||| ||spa|| | ||
| 040 | _bspa | ||
| 082 | _aR 637.10202 H691m | ||
| 100 | _aHodgson H.E. | ||
| 245 | 0 | _aManual de lecheria para la America tropical | |
| 264 | _aSecretaria de Agricultura | ||
| 942 |
_2ddc _cBKS |
||
| 999 |
_c20396 _d20396 |
||